| Tag |
First Indicator |
Second Indicator |
Subfields |
| LEADER |
00000cam a2200000 i 4500 |
| 001 |
in00004353721 |
| 005 |
20210125091301.0 |
| 008 |
200127t20202020ilu b 001 0 eng |
| 010 |
|
|
|a 2020004026
|
| 020 |
|
|
|a 9780226718149
|q hardcover
|
| 020 |
|
|
|a 022671814X
|q hardcover
|
| 020 |
|
|
|z 9780226727707
|q electronic book
|
| 035 |
|
|
|a (OCoLC)on1138996671
|
| 040 |
|
|
|a DLC
|e rda
|c DLC
|d UtOrBLW
|
| 043 |
|
|
|a n-us---
|
| 049 |
|
|
|a TXAM
|
| 050 |
0 |
0 |
|a E169.12
|b .B743 2020
|
| 082 |
0 |
0 |
|a 320.973/0905
|2 23
|
| 100 |
1 |
|
|a Brown, Michael J.
|q (Michael James),
|e author.
|0 http://id.loc.gov/authorities/names/no2020013444
|
| 245 |
1 |
0 |
|a Hope & scorn :
|b eggheads, experts, and elites in American politics /
|c Michael J. Brown.
|
| 246 |
3 |
|
|a Hope and scorn
|
| 264 |
|
1 |
|a Chicago :
|b University of Chicago Press,
|c [2020]
|
| 264 |
|
4 |
|c ©2020
|
| 300 |
|
|
|a 349 pages ;
|c 24 cm.
|
| 336 |
|
|
|a text
|b txt
|2 rdacontent
|
| 337 |
|
|
|a unmediated
|b n
|2 rdamedia
|
| 338 |
|
|
|a volume
|b nc
|2 rdacarrier
|
| 504 |
|
|
|a Includes bibliographical references and index.
|
| 505 |
0 |
|
|a Manning the Barricades of Civilization -- A Candidate of Intelligence -- The Moralist and the Mandarin -- Critic, Counselor, Critic -- The Intellectual against Intellectuals -- Critical Organic Catalyst, Prophetic Pragmatist, and Public Intellectual.
|
| 520 |
|
|
|a Michael Brown investigates the ever-fluctuating relationship between American intellectuals and national politics from the Eisenhower era to Obama's, a story of both persistence and evolution. In Brown's words, "intellectuals have been both whipping boys and wonder workers in American politics, targets of hatred and vessels of hope." Brown tracks political debates over intellectuals across the culture, encompassing an array of thinkers and contexts, from Adlai Stevenson to bell hooks. In crystal-clear and unburdened prose, Brown carries us through six key moments that reveal the larger trends and tensions that defined concerns over intellectuals, their formidable abilities and their myriad shortcomings.
|
| 650 |
|
0 |
|a Intellectuals
|x Political aspects
|z United States.
|
| 651 |
|
0 |
|a United States
|x Politics and government
|y 20th century.
|0 http://id.loc.gov/authorities/subjects/sh85140455
|
| 651 |
|
0 |
|a United States
|x Politics and government
|y 21st century.
|
| 650 |
|
7 |
|a HISTORY / United States / General.
|2 bisacsh
|
| 945 |
|
|
|b 651926
|
| 947 |
|
|
|a A14850726549
|
| 948 |
|
|
|a cataloged
|b h
|c 2020/12/2
|d c
|e dmitchel
|f 4:00:00 pm
|
| 994 |
|
|
|a 92
|b TXA
|
| 999 |
f |
f |
|s ebf5c299-3634-3889-8174-2b528a443800
|i 37afc6a3-6ac7-305f-9805-2bcd4c3327c2
|t 0
|
| 952 |
f |
f |
|p normal
|a Texas A&M University
|b College Station
|c Sterling C. Evans Library
|d Evans: Library Stacks
|t 0
|e E169.12 .B743 2020
|h Library of Congress classification
|i unmediated -- volume
|m A14850726549
|
| 998 |
f |
f |
|a E169.12 .B743 2020
|t 0
|l Evans: Library Stacks
|